000 01076nam a22002897a 4500
005 20131127124052.0
008 131127b xxu||||| |||| 00| 0 spa d
020 _a9251076413
041 _aeng
044 _ait
082 _a630
_bF21s
100 1 0 _aHoweler, R. H.
_93039
245 1 0 _aSave and Grow :
_bCassava : a guide to sustainable production intensification
_cprepared by Reinhardt Howeler, NeBambi Lutaladio and Graeme Thomas
260 _aRoma
_bFood and Agriculture Organization of the United Nations
_c2013
300 _a129 p.
_bil., (col.) mapas, tablas
_c26 cm.
504 _aIncluye referencias bibliográficas (p. 121-128).
650 0 _aCassava
_93040
650 0 _aYuca
_93046
650 0 _aSustainable agriculture
_93041
650 0 _aAgricultura sostenible
_9210
650 0 _aAgricultural systems
_93042
700 1 _aLutaladio, NeBambi
_93043
700 1 _aThomas, Graeme
_93044
710 2 _aFood and Agriculture Organization of the United Nations
_93045
856 _uhttp://www.fao.org/docrep/018/i3278e/i3278e00.htm
942 _2ddc
_cImpreso
999 _c7934
_d7934